[Event "OGOLNOPOLSKA OLIMPIADA MLODZIEZY<br/>MISTRZOSTWA POLSKI JUNIOROW 2016 - C14"]
[Site "Olecko"]
[Date "2016-05-07"]
[Round "7.23"]
[White "Bojczewski, Mateusz"]
[Black "Brzozowski, Pawel"]
[Result "1-0"]
[WhiteTitle "II"]
[BlackTitle "II"]
[WhiteElo "1319"]
[BlackElo "1567"]

1. e4 e6 2. d4 d5 3. exd5 exd5 4. Bd3 Bd6 5. Nf3 Bg4 6. O-O Nc6 7. Re1+ Nge7 8.
Bg5 f6 9. Be3 Qd7 10. c3 O-O-O 11. Nbd2 Rde8 12. Qc2 Bf5 13. Nb3 g5 14. Bxf5 Nxf5
15. Re2 Re7 16. Rae1 Rhe8 17. Bc1 g4 18. Rxe7 Rxe7 19. Rxe7 Ncxe7 20. Nfd2 Qe6
21. Qd1 h5 22. Nf1 Ng7 23. Qd3 f5 24. g3 Ng6 25. Ne3 c6 26. Ng2 Ne8 27. Qe3 Qxe3
28. Bxe3 Kd7 29. Kf1 Nf6 30. Ke2 b6 31. Nc1 a5 32. Nd3 b5 33. Ndf4 Nxf4+ 34. Bxf4
Bxf4 35. Nxf4 Kd6 36. Ke3 a4 37. Kd3 Kd7 38. Ke3 Kd6 39. Kd3 Kd7 40. b3 axb3 41.
axb3 Kd6 42. c4 bxc4+ 43. bxc4 dxc4+ 44. Kxc4 Kc7 45. Ne6+ Kd7 46. Ng7 Ne4 47.
Nxf5 Nxf2 48. Ng7 Ne4 49. Nxh5 Kd6 50. Kd3 Nf2+ 51. Ke3 Nh3 52. Nf6 Ng5 53. Nxg4
c5 54. dxc5+ Kxc5 55. Kf4 Nf7 56. h4 Kd6 57. Kf5 Ke7 58. h5 Kf8 59. h6 Kg8 60.
Ne5 Nh8 61. g4 Kh7 62. g5 Kg8 63. g6 1-0

[Event "OGOLNOPOLSKA OLIMPIADA MLODZIEZY<br/>MISTRZOSTWA POLSKI JUNIOROW 2016 - C14"]
[Site "Olecko"]
[Date "2016-05-07"]
[Round "8.1"]
[White "Teclaf, Pawel"]
[Black "Pniaczek, Marek"]
[Result "1-0"]
[WhiteTitle "CM"]
[BlackTitle "I+"]
[WhiteElo "2214"]
[BlackElo "1855"]

1. e4 e5 2. Nf3 Nc6 3. Bb5 a6 4. Ba4 Nf6 5. O-O Nxe4 6. d4 b5 7. Bb3 d5 8. dxe5
Be6 9. Be3 Be7 10. c3 O-O 11. Nbd2 Nc5 12. Bc2 Qd7 13. Qb1 h6 14. h3 Rab8 15.
Qd1 b4 16. Nb3 Ne4 17. c4 f5 18. exf6 Bxf6 19. cxd5 Qxd5 20. Qxd5 Bxd5 21. Rad1
Bxb3 22. Bxb3+ Kh8 23. Bd5 Bxb2 24. Bxe4 Ne5 25. Nxe5 Bxe5 26. Rfe1 a5 27. Bc5
Rfd8 28. Rxd8+ Rxd8 29. Bg6 Bd6 30. Bxd6 cxd6 31. Re8+ Rxe8 32. Bxe8 Kg8 33. Kf1
Kf8 34. Ba4 1-0

[Event "OGOLNOPOLSKA OLIMPIADA MLODZIEZY<br/>MISTRZOSTWA POLSKI JUNIOROW 2016 - C14"]
[Site "Olecko"]
[Date "2016-05-07"]
[Round "8.2"]
[White "Pytel, Maciej"]
[Black "Nowak, Mikolaj"]
[Result "1-0"]
[WhiteTitle "I"]
[BlackTitle "I++"]
[WhiteElo "1904"]
[BlackElo "2024"]

1. e4 e5 2. Nf3 Nc6 3. Bc4 Bc5 4. c3 Nf6 5. d3 d6 6. Bb3 O-O 7. Nbd2 a6 8. h3 Ba7
9. Nf1 Ne7 10. Ng3 Ng6 11. O-O Be6 12. Re1 h6 13. d4 c5 14. dxe5 dxe5 15. Qe2
Qc7 16. Nf5 c4 17. Bc2 Nh5 18. N3h4 Nxh4 19. Qxh5 Nxf5 20. exf5 Bd5 21. f6 Qb6
22. Qh4 Qxf6 23. Qxf6 gxf6 24. Bxh6 Rfd8 25. Rad1 Bc6 26. Bf5 Ba4 27. Rxd8+ Rxd8
28. Re4 Kh8 29. Rg4 Rd1+ 30. Kh2 Bxf2 31. Bg7+ Kg8 32. Bxf6+ Kf8 33. Rxc4 Bc6
34. Be4 Bg1+ 35. Kg3 Be3 36. Bxc6 Bf4+ 37. Kg4 bxc6 38. Rxc6 Kg8 39. Rc8+ Kh7
40. Kh5 1-0

[Event "OGOLNOPOLSKA OLIMPIADA MLODZIEZY<br/>MISTRZOSTWA POLSKI JUNIOROW 2016 - C14"]
[Site "Olecko"]
[Date "2016-05-07"]
[Round "8.3"]
[White "Pultorak, Jan"]
[Black "Kozak, Antoni"]
[Result "1-0"]
[WhiteTitle "FM"]
[BlackTitle "I"]
[WhiteElo "2301"]
[BlackElo "1932"]

1. d4 Nf6 2. c4 e6 3. Nc3 Bb4 4. Qc2 O-O 5. a3 Bxc3+ 6. Qxc3 b6 7. Bg5 Bb7 8. e3
d6 9. Ne2 h6 10. Bh4 Nbd7 11. Qc2 c5 12. Rd1 Qe7 13. Nc3 e5 14. d5 e4 15. Be2
Rae8 16. O-O a6 17. f3 exf3 18. Rxf3 g5 19. Bg3 Ng4 20. e4 Nde5 21. Bxe5 Nxe5
22. Rf2 Bc8 23. Rdf1 g4 24. Qd2 Qg5 25. Qxg5+ hxg5 26. Na4 Re7 27. Rf6 Nxc4 28.
Bxc4 b5 29. Nc3 bxc4 30. Rxd6 Kg7 31. Rc6 f5 32. exf5 Bxf5 33. Rxc5 Ref7 34. Nd1
Bd3 35. Rxf7+ Rxf7 36. Ne3 Rb7 37. Nxc4 Bxc4 38. Rxc4 Rxb2 39. Rd4 g3 40. hxg3
Rb7 41. d6 Rd7 42. Kf2 Kf6 43. Ke3 Kf5 44. g4+ Ke5 45. a4 a5 46. Rd1 Kf6 47. Ke4
Kf7 48. Ke5 Ke8 49. Rb1 Ra7 50. Rc1 Kd8 51. Rc7 Ra6 52. Ke4 1-0

[Event "OGOLNOPOLSKA OLIMPIADA MLODZIEZY<br/>MISTRZOSTWA POLSKI JUNIOROW 2016 - C14"]
[Site "Olecko"]
[Date "2016-05-07"]
[Round "8.4"]
[White "Kosakowski, Jakub"]
[Black "Sanz Wawer, Daniel"]
[Result "1-0"]
[WhiteTitle "k"]
[BlackTitle "k"]
[WhiteElo "2202"]
[BlackElo "1988"]

1. e4 e5 2. Nf3 Nf6 3. Nxe5 d6 4. Nf3 Nxe4 5. Nc3 Nxc3 6. dxc3 Be7 7. Be3 Nd7 8.
Qd2 O-O 9. O-O-O c6 10. Nd4 Nf6 11. c4 Ne4 12. Qe1 Re8 13. f3 Nc5 14. Qd2 Bf6
15. Kb1 Qb6 16. Bf2 a5 17. Bd3 Bd7 18. g4 Nxd3 19. Qxd3 c5 20. Nb5 Bxb5 21. cxb5
d5 22. g5 Bxg5 23. Qxd5 Be3 24. Bxe3 Rxe3 25. Rhg1 g6 26. a4 Rae8 27. Qd7 R8e7
28. Qd5 R7e5 29. Qd7 Re7 30. Qg4 Qe6 31. Qg5 b6 32. f4 Re2 33. f5 Qe4 34. Rd8+
Re8 35. Rxe8+ Qxe8 36. f6 Re1+ 37. Rxe1 Qxe1+ 38. Ka2 Qe6+ 39. Kb1 Qe1+ 40. Ka2
Qe6+ 41. Kb1 h6 42. Qf4 g5 43. Qf3 c4 44. Qc6 Kh7 45. Qxe6 fxe6 46. b4 cxb3 47.
c4 e5 48. Kb2 h5 49. c5 1-0

[Event "OGOLNOPOLSKA OLIMPIADA MLODZIEZY<br/>MISTRZOSTWA POLSKI JUNIOROW 2016 - C14"]
[Site "Olecko"]
[Date "2016-05-07"]
[Round "8.5"]
[White "Mis, Mieszko"]
[Black "Pacan-milej, Kosma"]
[Result "1/2-1/2"]
[WhiteTitle "I+"]
[BlackTitle "I"]
[WhiteElo "2069"]
[BlackElo "1967"]

1. d4 e6 2. Nf3 Nf6 3. Bg5 d5 4. e3 Be7 5. Bd3 h6 6. Bh4 O-O 7. c3 Nbd7 8. Nbd2
b6 9. O-O Bb7 10. Qc2 c5 11. Rae1 Qc7 12. Qb1 Rfe8 13. b4 Bd6 14. e4 dxe4 15.
Nxe4 Nxe4 16. Bxe4 Bxe4 17. Rxe4 cxb4 18. cxb4 Rac8 19. Re2 Qc3 20. b5 Qc4 21.
Rb2 e5 22. Bg3 e4 23. Nd2 Qxd4 24. Bxd6 Qxd6 25. Nxe4 Qe5 26. Ng3 Nf6 27. Re2
Qc3 28. Ne4 Nxe4 29. Rxe4 Rxe4 30. Qxe4 Qc4 31. Qb1 Qc2 32. Qa1 Qc3 33. Qb1 Qc2
34. Qa1 Rc5 35. a4 Rc4 36. a5 Ra4 37. Qe5 Rxa5 38. Qe8+ Kh7 39. Qxf7 Rxb5 40.
Qxa7 Rb1 41. g3 Rxf1+ 42. Kxf1 b5 43. Qd4 Qb1+ 44. Ke2 Qh1 45. Qd3+ Kh8 46. h4
Qc6 1/2-1/2

[Event "OGOLNOPOLSKA OLIMPIADA MLODZIEZY<br/>MISTRZOSTWA POLSKI JUNIOROW 2016 - C14"]
[Site "Olecko"]
[Date "2016-05-07"]
[Round "8.6"]
[White "Fus, Jakub"]
[Black "Ochowicz, Jakub"]
[Result "1/2-1/2"]
[WhiteTitle "I+"]
[BlackTitle "I+"]
[WhiteElo "1936"]
[BlackElo "2040"]

1. d4 Nf6 2. c4 g6 3. Nc3 Bg7 4. e4 d6 5. f3 O-O 6. Be3 a6 7. Qd2 Nbd7 8. Nge2
c5 9. Rd1 b6 10. Nc1 cxd4 11. Bxd4 Bb7 12. Be2 Rc8 13. O-O Qc7 14. Nd5 Qd8 15.
Be3 Ne8 16. Rfe1 e6 17. Nf4 Qc7 18. Bf1 Bf6 19. Ncd3 Be7 20. Rc1 Nef6 21. Qf2
e5 22. Nd5 Nxd5 23. cxd5 Qd8 24. Rxc8 Bxc8 25. Nb4 f5 26. exf5 gxf5 27. Nc6 Qe8
28. Nxe7+ Qxe7 29. Bxb6 Nf6 30. Bc4 Kh8 31. g3 Rg8 32. Qd2 Qb7 33. Bf2 f4 34.
Kh1 Qd7 35. Rg1 fxg3 36. Rxg3 Rxg3 37. Bxg3 Qf5 38. Qd3 Qxd3 39. Bxd3 Nxd5 40.
Kg2 Kg7 41. Kf2 Nb4 42. Bb1 h6 43. f4 Kf6 44. fxe5+ dxe5 45. a3 Nc6 46. Be4 Nd4
47. Ke3 Bf5 48. Be1 Bxe4 49. Kxe4 Ke6 50. Bc3 Nc6 51. b4 Kd6 52. a4 Ke6 53. b5
axb5 54. axb5 Na7 55. b6 Nc8 56. Bxe5 1/2-1/2

[Event "OGOLNOPOLSKA OLIMPIADA MLODZIEZY<br/>MISTRZOSTWA POLSKI JUNIOROW 2016 - C14"]
[Site "Olecko"]
[Date "2016-05-07"]
[Round "8.7"]
[White "Lis, Mateusz"]
[Black "Strzelecki, Maciej"]
[Result "1-0"]
[WhiteTitle "I"]
[BlackTitle "I"]
[WhiteElo "1998"]
[BlackElo "1813"]

1. e4 c5 2. Nf3 d6 3. d4 cxd4 4. Nxd4 Nf6 5. Nc3 a6 6. h3 e5 7. Nde2 h5 8. Ng1
b5 9. Nf3 Be6 10. Ng5 Be7 11. Bd3 Nbd7 12. Qf3 Nb6 13. O-O Qd7 14. Rd1 Rc8 15.
a4 Nxa4 16. Nxa4 bxa4 17. Bxa6 Rb8 18. Nxe6 Qxe6 19. Rxa4 O-O 20. b3 g6 21. Qg3
Nxe4 22. Rxe4 d5 23. Ra4 Ra8 24. Bb5 Rxa4 25. bxa4 f5 26. Qb3 Rd8 27. a5 Kg7 28.
Be3 f4 29. Bb6 1-0

[Event "OGOLNOPOLSKA OLIMPIADA MLODZIEZY<br/>MISTRZOSTWA POLSKI JUNIOROW 2016 - C14"]
[Site "Olecko"]
[Date "2016-05-07"]
[Round "8.8"]
[White "Kokoszczynski, Jan"]
[Black "Godzwon, Iwo"]
[Result "1/2-1/2"]
[WhiteTitle "k"]
[BlackTitle "I"]
[WhiteElo "1983"]
[BlackElo "1836"]

1. e4 c5 2. Nf3 g6 3. d4 cxd4 4. Qxd4 Nf6 5. e5 Nc6 6. Qa4 Nd5 7. Qe4 Nb6 8. Bf4
Bg7 9. Nc3 d5 10. exd6 Bf5 11. Qe3 O-O 12. Bd3 Bxd3 13. Qxd3 exd6 14. O-O Ne5
15. Bxe5 dxe5 16. Qb5 Qc7 17. Rfe1 Rfe8 18. Rad1 Re7 19. Qb3 a6 20. a4 Qc6 21.
a5 Nc4 22. Nd5 Ree8 23. Qb4 Bf8 24. Qc3 Bg7 25. Qb4 Bf8 26. Qc3 Bg7 27. b3 e4
28. Qxc4 Qxc4 29. bxc4 exf3 30. Rxe8+ Rxe8 31. gxf3 Rb8 32. Rb1 Be5 33. h3 Kg7
34. Kf1 Rc8 35. f4 Bd6 36. Rxb7 Rxc4 37. Rb6 Bc5 38. Rxa6 Rxc2 39. Ne3 Ra2 40.
Ra8 Ra4 41. f5 1/2-1/2

[Event "OGOLNOPOLSKA OLIMPIADA MLODZIEZY<br/>MISTRZOSTWA POLSKI JUNIOROW 2016 - C14"]
[Site "Olecko"]
[Date "2016-05-07"]
[Round "8.9"]
[White "Ossolinski, Ziemowit"]
[Black "Poziomkowski, Szymon"]
[Result "1/2-1/2"]
[WhiteTitle "I"]
[BlackTitle "I"]
[WhiteElo "1849"]
[BlackElo "1726"]

1. e4 c5 2. Nf3 a6 3. c4 e6 4. Nc3 Nc6 5. d4 cxd4 6. Nxd4 Qc7 7. Be2 Nf6 8. O-O
Be7 9. Be3 O-O 10. Rc1 d6 11. f3 Bd7 12. a3 Rac8 13. Nxc6 Bxc6 14. Nd5 exd5 15.
cxd5 Qd7 16. dxc6 Rxc6 17. Rxc6 Qxc6 18. Qb3 Rc8 19. Rc1 Qd7 20. Rxc8+ Qxc8 21.
Bc4 d5 22. Bxd5 Nxd5 23. Qxd5 h6 24. Qb3 Bc5 25. g3 Bxe3+ 26. Qxe3 Qc2 27. Qf2
Qd1+ 28. Kg2 Qd3 29. e5 h5 30. h3 Qb5 31. f4 g6 32. Qc2 Qd5+ 33. Kh2 Kh7 34. Qg2
Qd7 35. Qe2 Qf5 36. Qf3 Qd7 37. Qg2 b5 38. g4 Qd4 39. Kg3 h4+ 40. Kf3 Qd3+ 41.
Kf2 Qd4+ 42. Kf3 1/2-1/2

[Event "OGOLNOPOLSKA OLIMPIADA MLODZIEZY<br/>MISTRZOSTWA POLSKI JUNIOROW 2016 - C14"]
[Site "Olecko"]
[Date "2016-05-07"]
[Round "8.10"]
[White "Mietkiewicz, Jacek"]
[Black "Szczurek, Krzysztof"]
[Result "0-1"]
[WhiteTitle "I"]
[BlackTitle "I"]
[WhiteElo "1750"]
[BlackElo "1991"]

1. d4 Nf6 2. c4 g6 3. Nc3 Bg7 4. e4 d6 5. f3 O-O 6. Be3 e5 7. d5 c6 8. Qd2 cxd5
9. cxd5 a6 10. Nge2 Nbd7 11. Nc1 b5 12. Nd3 Bb7 13. O-O-O Nb6 14. b3 Nfd7 15.
g4 Rc8 16. Kb2 Bxd5 17. Nb4 Bb7 18. Qxd6 a5 19. Nbd5 b4 20. Ne7+ Kh8 21. Nxc8
bxc3+ 22. Kc2 Bxc8 23. Bb5 f5 24. Bxb6 Qxb6 25. Qxb6 Nxb6 26. Rd6 Na8 27. gxf5
gxf5 28. Rhd1 Nc7 29. Bc4 fxe4 30. fxe4 Bg4 31. Rg1 h5 32. h3 Bxh3 33. Rh1 Bg4
34. Rg6 Bf3 35. Rg5 Bf6 36. Rhxh5+ Bxh5 37. Rxh5+ Kg7 38. Rh3 Be7 39. Rg3+ Kh6
40. Kxc3 Ne8 41. Be6 Nd6 42. Kd3 Rf2 43. a4 Bg5 44. Rg4 Rd2+ 45. Kc3 Rd4 46. Bd5
Kh5 0-1

[Event "OGOLNOPOLSKA OLIMPIADA MLODZIEZY<br/>MISTRZOSTWA POLSKI JUNIOROW 2016 - C14"]
[Site "Olecko"]
[Date "2016-05-07"]
[Round "8.11"]
[White "Golenia, Jan"]
[Black "Mike, Patryk"]
[Result "1-0"]
[WhiteTitle "I"]
[BlackTitle "I"]
[WhiteElo "1973"]
[BlackElo "1804"]

1. d4 d5 2. Nf3 Nf6 3. Bf4 c6 4. e3 Qb6 5. Qc1 Bf5 6. Nbd2 e6 7. c4 Nbd7 8. c5
Qd8 9. b4 Be7 10. h3 Qc8 11. Be2 O-O 12. O-O Bd8 13. Nh4 Bc7 14. Nxf5 exf5 15.
Bxc7 Qxc7 16. Qc2 Ne4 17. Bd3 Rfe8 18. Rfe1 g6 19. Nf3 Kg7 20. Rab1 b6 21. Rec1
b5 22. a4 a6 23. Ra1 h6 24. Ra3 Ndf6 25. Rca1 Qb7 26. Ne5 Kf8 27. Qa2 bxa4 28.
f3 Ng5 29. Rxa4 Nd7 30. Nxd7+ Qxd7 31. Qd2 Reb8 32. Rxa6 Qb7 33. Rxa8 Rxa8 34.
Rxa8+ Qxa8 35. b5 cxb5 36. Bxb5 Ne6 37. Kf2 Qb8 38. Be2 Ke7 39. Qa2 Nc7 40. Qa5
Kd7 41. Qa4+ Ke7 42. Qc6 Qd8 43. Bd1 Kf8 44. Bb3 Ke7 45. Qb6 Qd7 46. Qb8 h5 47.
Qb4 Na6 48. Qa5 Nc7 49. Ba4 Qd8 50. Qb6 f6 51. Ke2 h4 52. Bc6 g5 53. Qb1 Qc8 54.
Qb7 Qd8 55. Bxd5 Qxd5 56. Qxc7+ Ke8 57. c6 Qc4+ 58. Kf2 Qc2+ 59. Kg1 Qd1+ 60.
Kh2 Qe1 61. Qd6 f4 62. Qe6+ Kf8 63. Qxf6+ Ke8 64. Qe5+ Kf8 65. exf4 1-0

[Event "OGOLNOPOLSKA OLIMPIADA MLODZIEZY<br/>MISTRZOSTWA POLSKI JUNIOROW 2016 - C14"]
[Site "Olecko"]
[Date "2016-05-07"]
[Round "8.12"]
[White "Musial, Tomasz"]
[Black "Szpar, Milosz"]
[Result "1/2-1/2"]
[WhiteTitle "II+"]
[BlackTitle "I"]
[WhiteElo "1799"]
[BlackElo "1956"]

1. e4 c5 2. c3 Nf6 3. e5 Nd5 4. d4 cxd4 5. Qxd4 e6 6. Nf3 Nc6 7. Qe4 f5 8. Qe2
d6 9. g3 Qc7 10. exd6 Bxd6 11. Bg2 O-O 12. O-O Nb6 13. Nbd2 e5 14. Nc4 e4 15.
Ng5 Ne5 16. Nxd6 Qxd6 17. Bf4 Qf6 18. Qh5 Qg6 19. Qxh7+ Qxh7 20. Nxh7 Re8 21.
Bxe5 Rxe5 22. Ng5 Na4 23. Rfd1 Be6 24. Nxe6 Rxe6 25. Rd4 Nxb2 26. Rb1 Rb6 27.
Bf1 Rc8 28. Bh3 g6 29. Rxe4 Rxc3 30. Re2 Nd3 31. Rxb6 axb6 32. Re6 Rc6 33. Re7
Rc2 34. Rxb7 Nxf2 35. Bg2 Ng4 36. Bd5+ Kf8 37. Bb3 Rc6 38. Rf7+ Ke8 39. Ba4 Kxf7
40. Bxc6 Kf6 41. h3 Ne5 42. Bb5 Nf7 43. Kf2 Nd6 1/2-1/2

[Event "OGOLNOPOLSKA OLIMPIADA MLODZIEZY<br/>MISTRZOSTWA POLSKI JUNIOROW 2016 - C14"]
[Site "Olecko"]
[Date "2016-05-07"]
[Round "8.13"]
[White "Majocha, Piotr"]
[Black "Golecki, Jan"]
[Result "0-1"]
[WhiteTitle "I"]
[BlackTitle "I+"]
[WhiteElo "1703"]
[BlackElo "1880"]

1. c4 e6 2. g3 d5 3. Bg2 Nf6 4. Nf3 Be7 5. O-O O-O 6. b3 c5 7. Bb2 Nc6 8. d3 d4
9. e3 e5 10. exd4 exd4 11. a3 a5 12. Nbd2 Bf5 13. Qc2 Qd7 14. Rfe1 h6 15. Ne5
Nxe5 16. Rxe5 Bd6 17. Re2 Rfe8 18. Rae1 Rxe2 19. Rxe2 Re8 20. Rxe8+ Qxe8 21. Nf3
b6 22. Bc1 Qd7 23. a4 Bg6 24. Nh4 Bh7 25. Qe2 Qe6 26. Bf1 Qxe2 27. Bxe2 g5 28.
Nf3 Nd7 29. g4 f5 30. h3 fxg4 31. hxg4 Nf6 32. Ne1 Kf7 33. Kg2 Ke7 34. Bd2 Bg6
35. f3 Be8 36. Kf2 Bc6 37. Ng2 Nd7 38. Ne1 Ne5 39. Ng2 Ng6 40. Bc1 Kf6 41. Bd2
Bf4 42. Bxf4 gxf4 43. Ne1 Kg5 44. Ng2 Ne5 45. Ne1 Be8 46. Ng2 Bg6 47. Ne1 Kh4
48. Ng2+ Kg5 49. Ne1 Nc6 50. Nc2 Kh4 51. Kg2 h5 52. gxh5 Bxh5 53. Bf1 Bg6 54.
Be2 Bf5 55. Kf2 Bh3 56. Bd1 Bf5 57. Be2 Ne5 58. Ne1 Kh3 59. Bf1+ Kh2 60. Be2 Bh3
61. Nc2 Ng6 62. Na3 Ne5 63. Nc2 Bf5 64. Ne1 Ng6 65. Ng2 Bh3 66. Ne1 Ne7 67. Nc2
Nf5 68. Na3 Ng3 69. Nb5 Nxe2 70. Kxe2 Kg1 71. Nc7 Bf1+ 72. Kd2 Kf2 73. Nd5 Kxf3
74. Nxb6 Bh3 75. Nd5 Kg3 76. Nf6 Bf5 77. Nh5+ Kf3 78. Ng7 Bg4 79. Ne8 Kg2 80.
Nf6 Bf5 81. Nh5 f3 82. Nf4+ Kf1 83. b4 cxb4 84. c5 f2 85. c6 Kg1 86. Ne2+ Kh2
87. c7 f1=Q 88. Nxd4 Qf4+ 89. Kc2 Qxd4 90. Kb3 Qc3+ 91. Ka2 Qc2+ 92. Ka1 Qc1+
93. Ka2 Be6# 0-1

[Event "OGOLNOPOLSKA OLIMPIADA MLODZIEZY<br/>MISTRZOSTWA POLSKI JUNIOROW 2016 - C14"]
[Site "Olecko"]
[Date "2016-05-07"]
[Round "8.14"]
[White "Polczyk, Mikolaj"]
[Black "Namyslak, Piotr"]
[Result "1-0"]
[WhiteTitle "I"]
[BlackTitle "I"]
[WhiteElo "1831"]
[BlackElo "1775"]

1. e4 e6 2. d4 d5 3. Nd2 Nf6 4. e5 Nfd7 5. Bd3 c5 6. c3 Nc6 7. Ne2 Qb6 8. Nf3 cxd4
9. cxd4 f6 10. exf6 Nxf6 11. O-O Bd6 12. Qb3 Qxb3 13. axb3 O-O 14. Bf4 Bxf4 15.
Nxf4 Bd7 16. Bb5 Nd8 17. Bxd7 Nxd7 18. Nd3 Nc6 19. Rfe1 Rfe8 20. Re2 h6 21. Rae1
Kf7 22. Nf4 Nf8 23. h4 g6 24. Kh2 Rad8 25. Nd3 Nd7 26. b4 b6 27. b5 Na5 28. Nfe5+
Nxe5 29. Nxe5+ Kg7 30. b4 Nc4 31. Nc6 Rd7 32. Rxe6 Rxe6 33. Rxe6 Na3 34. Ne5 Rd8
35. Rxg6+ Kh7 36. Rxh6+ Kxh6 37. Nf7+ Kh5 38. Nxd8 Nxb5 39. Kh3 Nxd4 40. g4+ Kg6
41. f4 a5 42. bxa5 bxa5 43. h5+ Kf6 44. g5+ Kg7 45. Kg4 a4 46. f5 a3 47. f6+ Kg8
48. h6 a2 49. f7+ Kf8 50. h7 a1=Q 51. h8=Q+ Ke7 52. f8=Q+ Kd7 53. Qhg7+ Kc8 54.
Nb7# 1-0

[Event "OGOLNOPOLSKA OLIMPIADA MLODZIEZY<br/>MISTRZOSTWA POLSKI JUNIOROW 2016 - C14"]
[Site "Olecko"]
[Date "2016-05-07"]
[Round "8.15"]
[White "Psyk, Radoslaw"]
[Black "Dixa, Oskar"]
[Result "1-0"]
[WhiteTitle "k"]
[BlackTitle "I"]
[WhiteElo "2219"]
[BlackElo "1630"]

1. e4 e6 2. d3 d5 3. Nd2 Nc6 4. Ngf3 Nf6 5. g3 Bc5 6. Bg2 dxe4 7. dxe4 e5 8. O-O
O-O 9. Qe2 Qe7 10. c3 a5 11. Nh4 g6 12. Nb3 Bb6 13. Bg5 Kg7 14. Rae1 h6 15. Bc1
Bg4 16. Qc2 Be6 17. Nd2 Rad8 18. Kh1 Ng4 19. Re2 h5 20. h3 Nh6 21. b3 f5 22. exf5
Nxf5 23. Ne4 Rde8 24. Bg5 Qd7 25. Rd1 Qc8 26. Qc1 Nxh4 27. Bh6+ Kf7 28. gxh4 Rh8
29. Qg5 Reg8 30. Qf6+ Ke8 31. Bg7 Bf5 32. Ng5 Rf8 33. Bxc6+ bxc6 34. Rxe5+ 1-0

[Event "OGOLNOPOLSKA OLIMPIADA MLODZIEZY<br/>MISTRZOSTWA POLSKI JUNIOROW 2016 - C14"]
[Site "Olecko"]
[Date "2016-05-07"]
[Round "8.16"]
[White "Kukorowski, Jan"]
[Black "Wierzbicki, Michal"]
[Result "1/2-1/2"]
[WhiteTitle "I"]
[BlackTitle "I"]
[WhiteElo "1706"]
[BlackElo "1708"]

1. e4 e6 2. Nf3 d5 3. Nc3 dxe4 4. Nxe4 Bd7 5. d4 Bc6 6. Bd3 Bxe4 7. Bxe4 c6 8.
O-O Nf6 9. Bd3 Qc7 10. Qe2 Nbd7 11. Ne5 Nxe5 12. dxe5 Nd7 13. Re1 Bc5 14. c3 Nb6
15. Bd2 O-O-O 16. b4 Be7 17. Red1 Rd7 18. c4 Rhd8 19. Be1 f6 20. exf6 Bxf6 21.
Rab1 Qe5 22. Qc2 h5 23. a4 Nxa4 24. Qxa4 Rxd3 25. Rxd3 Rxd3 26. Qxa7 Qb8 27. Qa2
Qe5 28. Qc2 Rd7 29. Rd1 h4 30. h3 Bd8 31. Kf1 Rxd1 32. Qxd1 Qe4 33. Qe2 Qf5 34.
c5 g5 35. Qc4 Bf6 36. Bd2 Qd5 37. Qc2 Qf5 38. Qd1 Qd3+ 39. Qe2 Qb1+ 40. Qe1 Qd3+
41. Qe2 Qd5 1/2-1/2

[Event "OGOLNOPOLSKA OLIMPIADA MLODZIEZY<br/>MISTRZOSTWA POLSKI JUNIOROW 2016 - C14"]
[Site "Olecko"]
[Date "2016-05-07"]
[Round "8.17"]
[White "Kawaler, Adam"]
[Black "Kopec, Norbert"]
[Result "1-0"]
[WhiteTitle "I"]
[BlackTitle "II"]
[WhiteElo "1764"]
[BlackElo "1558"]

1. d4 Nf6 2. Nf3 e6 3. c4 Bb4+ 4. Bd2 Qe7 5. g3 O-O 6. Bg2 d5 7. a3 Bxd2+ 8. Nbxd2
Nbd7 9. O-O c5 10. dxc5 Nxc5 11. b4 Ncd7 12. Qb3 a5 13. cxd5 Nxd5 14. e4 N5f6
15. Rac1 b6 16. Nd4 Ba6 17. b5 Nc5 18. Qb1 Bb7 19. N4b3 Nfd7 20. Nxc5 Nxc5 21.
Nc4 Qc7 22. Rfd1 Rfd8 23. Qc2 Rxd1+ 24. Rxd1 Rc8 25. Nd6 Nd7 26. Qxc7 Rxc7 27.
Ne8 Rc3 28. Rxd7 Rc1+ 29. Bf1 Bxe4 30. Nd6 g6 1-0

[Event "OGOLNOPOLSKA OLIMPIADA MLODZIEZY<br/>MISTRZOSTWA POLSKI JUNIOROW 2016 - C14"]
[Site "Olecko"]
[Date "2016-05-07"]
[Round "8.18"]
[White "Galuszka, Tomasz"]
[Black "Paliwoda, Borys"]
[Result "1/2-1/2"]
[WhiteTitle "II+"]
[BlackTitle "II"]
[WhiteElo "1586"]
[BlackElo "1694"]

1. e4 c5 2. Nf3 e6 3. d4 cxd4 4. Nxd4 Qb6 5. Nb3 a6 6. Be3 Qc7 7. a3 Nf6 8. Nc3
b5 9. Nd4 Bb7 10. Bd3 Be7 11. O-O O-O 12. Kh1 d5 13. exd5 Nxd5 14. Ne4 Nc6 15.
Qh5 g6 16. Qh6 Nxe3 17. fxe3 Qe5 18. Nf3 Qg7 19. Qxg7+ Kxg7 20. c3 h6 21. Bc2
Rad8 22. Rad1 f5 23. Nf2 e5 24. e4 f4 25. Rxd8 Rxd8 26. Ng4 Bf6 27. Rf2 h5 28.
Nxf6 Kxf6 29. Rd2 Rxd2 30. Nxd2 Nd8 31. Kg1 Ne6 32. b4 g5 33. h3 g4 34. hxg4 hxg4
35. Nb3 Kg5 36. Kf2 Kh4 37. Na5 Ba8 38. Nb3 g3+ 39. Kf1 Kg5 40. Nd2 Kf6 41. Nb3
1/2-1/2

[Event "OGOLNOPOLSKA OLIMPIADA MLODZIEZY<br/>MISTRZOSTWA POLSKI JUNIOROW 2016 - C14"]
[Site "Olecko"]
[Date "2016-05-07"]
[Round "8.19"]
[White "Radecki, Adam"]
[Black "Skowron, Mateusz"]
[Result "1-0"]
[WhiteTitle "I"]
[BlackTitle "I"]
[WhiteElo "1667"]
[BlackElo "1508"]

1. e4 c6 2. d4 d5 3. Nc3 dxe4 4. Nxe4 Bf5 5. Ng3 Bg6 6. N1e2 e6 7. Nf4 Qh4 8. Be3
Bd6 9. Qd2 Bxf4 10. Bxf4 h6 11. O-O-O Nd7 12. Ne2 Qe7 13. Nc3 Ngf6 14. Bd3 Bxd3
15. Qxd3 Nb6 16. Rhe1 O-O-O 17. Ne4 Nxe4 18. Qxe4 Nc4 19. c3 Rd5 20. Re2 Rhd8
21. Qd3 Nb6 22. Re5 Rxe5 23. Bxe5 Qg5+ 24. Qe3 Qg4 25. Qg3 Qxg3 26. Bxg3 Kd7 27.
Kc2 Re8 28. b3 Rc8 29. f3 Nd5 30. Bf2 Ke7 31. a3 b6 32. c4 Nf6 33. Kc3 Ke8 34.
Bh4 g5 35. Bf2 Kf8 36. Bg3 Ke7 37. Be5 Ne8 38. b4 a6 39. a4 f6 40. Bg3 Ng7 41.
Bf2 Nf5 42. g4 Ng7 43. Re1 Ne8 44. Kb3 Nc7 45. Bg3 Kd7 46. h3 Ne8 47. c5 b5 48.
axb5 axb5 49. Ra1 Nc7 50. Bxc7 Rxc7 51. Kc3 Rc8 52. Kd3 Rf8 53. Ra7+ Kd8 54. Rh7
Ke8 55. Rxh6 Ke7 56. Rh7+ Rf7 57. Rh8 Rf8 58. Rxf8 Kxf8 59. Ke4 Kg7 60. f4 Kf7
61. f5 Ke7 62. fxe6 Kxe6 63. d5+ cxd5+ 64. Kd4 f5 65. gxf5+ Kxf5 66. Kxd5 Kf4
67. c6 Kg3 68. c7 Kxh3 69. c8=Q+ Kh4 70. Ke4 g4 71. Kf4 Kh3 72. Qxg4+ Kh2 73.
Kf3 Kh1 74. Qg2# 1-0

[Event "OGOLNOPOLSKA OLIMPIADA MLODZIEZY<br/>MISTRZOSTWA POLSKI JUNIOROW 2016 - C14"]
[Site "Olecko"]
[Date "2016-05-07"]
[Round "8.20"]
[White "Maciak, Jakub"]
[Black "Musiala, Jakub"]
[Result "1-0"]
[WhiteTitle "II"]
[BlackTitle "II+"]
[WhiteElo "1465"]
[BlackElo "1629"]

1. e4 c5 2. Nf3 e6 3. d4 cxd4 4. Nxd4 a6 5. Bd3 Qc7 6. O-O Nf6 7. Kh1 d6 8. f4
Nbd7 9. Nc3 b5 10. a3 Bb7 11. Bd2 Be7 12. Qf3 O-O 13. Rae1 Rac8 14. Qh3 g6 15.
f5 e5 16. Nf3 Nb6 17. fxg6 fxg6 18. Bh6 Rfe8 19. Qe6+ Kh8 20. Ng5 Bd8 21. Qxe8+
Ng8 22. Qxg8+ Kxg8 23. Rf8# 1-0

[Event "OGOLNOPOLSKA OLIMPIADA MLODZIEZY<br/>MISTRZOSTWA POLSKI JUNIOROW 2016 - C14"]
[Site "Olecko"]
[Date "2016-05-07"]
[Round "8.21"]
[White "Kopaczewski, Adam"]
[Black "Rogala, Milosz"]
[Result "1-0"]
[WhiteTitle "I"]
[BlackTitle "II"]
[WhiteElo "1854"]
[BlackElo "1561"]

1. e4 c6 2. d4 d5 3. e5 Bf5 4. h4 h6 5. g4 Bh7 6. e6 fxe6 7. Bd3 Be4 8. f3 Bxd3
9. Qxd3 Na6 10. Qg6+ Kd7 11. f4 Qe8 12. Qd3 g6 13. Nf3 Bg7 14. Bd2 Rd8 15. Ba5
Nc7 16. Ne5+ Bxe5 17. fxe5 Qf7 18. Rf1 Qg7 19. Bxc7 Kxc7 20. Nd2 Kb8 21. O-O-O
c5 22. Rf3 cxd4 23. Qxd4 Rf8 24. Ra3 a6 25. Rb3 Rc8 26. Qb6 Rc7 27. Qxe6 g5 28.
Rf1 gxh4 29. Rf7 Qxf7 30. Qxf7 1-0

[Event "OGOLNOPOLSKA OLIMPIADA MLODZIEZY<br/>MISTRZOSTWA POLSKI JUNIOROW 2016 - C14"]
[Site "Olecko"]
[Date "2016-05-07"]
[Round "8.22"]
[White "Kucharski, Bartlomiej"]
[Black "Bojczewski, Mateusz"]
[Result "1-0"]
[WhiteTitle "II"]
[BlackTitle "II"]
[WhiteElo "1667"]
[BlackElo "1319"]

1. e4 e5 2. Nf3 Nc6 3. Bc4 Nf6 4. Ng5 d5 5. exd5 Na5 6. Bb5+ c6 7. dxc6 bxc6 8.
Bd3 Bg4 9. f3 Bh5 10. O-O Bc5+ 11. Kh1 Bg6 12. Ne4 Nxe4 13. fxe4 Qh4 14. Qe1 Qe7
15. a3 Nb7 16. Nc3 Rd8 17. b4 Bd4 18. Bb2 O-O 19. Qe2 Qh4 20. Qe1 Qg4 21. Be2
Qe6 22. d3 Nd6 23. Na4 Bxb2 24. Nxb2 Rc8 25. Na4 Nb7 26. Qf2 c5 27. c4 f5 28.
Qe3 fxe4 29. Rxf8+ Rxf8 30. dxe4 Qc6 31. Nc3 Nd6 32. b5 Qc8 33. Bd3 Bf7 34. Nd5
Bxd5 35. exd5 e4 36. Be2 Re8 37. Qf4 Qd7 38. Bg4 Qe7 39. Be6+ Kh8 40. Rf1 h6 41.
h3 Nxc4 42. Qxe4 Nd6 43. Qd3 c4 44. Qb1 Rb8 45. a4 c3 46. Qb4 Qc7 47. Rc1 Rf8
48. Rxc3 Rf1+ 49. Kh2 Qb8 50. Rc6 Ne4+ 51. d6 Nxd6 52. Qxd6 Qxd6+ 53. Rxd6 Rf4
54. Ra6 Rf6 55. Bc8 Rf8 56. Bb7 1-0